000 00854cam a2200253 4500
008 000000n1999 000 0 eng u
020 _a0340742887
035 _a(Sirsi) u104422
041 _aeng
050 _a658.3
110 _aInstitute of Management
_91411
245 _aPeople management
260 _aLondon
_bHodder & Stoughton
_c1999
300 _avi,151p. ; 23cm.
350 _a£9.99
520 _aGuidance on a range of personnel issues including planning of the recruitment process; coaching for better performance; conducting a performance appraisal; managing absenteeism; breaking the news of redundancy.
650 _aCOACHING
650 _aPERFORMANCE APPRAISAL
650 _aRECRUITMENT
650 _aREDUNDANCY
650 _aCAREERS, EDUCATION AND TRAINING
690 _aMANAGEMENT-BUSINESS MANAGEMENT
942 _n0
999 _c100252
_d100252